Political Ideology in Britain / (Record no. 16347)
[ view plain ]
| 000 -LEADER | |
|---|---|
| fixed length control field | 01641cam a22003734a 4500 |
| 001 - CONTROL NUMBER | |
| control field | 12631141 |
| 005 - DATE AND TIME OF LATEST TRANSACTION | |
| control field | 20050110113551.0 |
| 008 - FIXED-LENGTH DATA ELEMENTS--GENERAL INFORMATION | |
| fixed length control field | 011228s2002 enk |rb 001 0 eng |
| 010 ## - LIBRARY OF CONGRESS CONTROL NUMBER | |
| LC control number | 2001059839 |
| 020 ## - INTERNATIONAL STANDARD BOOK NUMBER | |
| International Standard Book Number | 0333963539 |
| 020 ## - INTERNATIONAL STANDARD BOOK NUMBER | |
| International Standard Book Number | 9780333963531 |
| 040 ## - CATALOGING SOURCE | |
| Original cataloging agency | DLC |
| Transcribing agency | DLC |
| Modifying agency | DLC |
| 042 ## - AUTHENTICATION CODE | |
| Authentication code | pcc |
| 043 ## - GEOGRAPHIC AREA CODE | |
| Geographic area code | e-uk--- |
| 050 00 - LIBRARY OF CONGRESS CALL NUMBER | |
| Classification number | JA84.G7 |
| Item number | L395 2002 |
| 082 00 - DEWEY DECIMAL CLASSIFICATION NUMBER | |
| Classification number | 320.50941 |
| Edition number | 21 |
| Item number | LEA |
| 100 1# - MAIN ENTRY--PERSONAL NAME | |
| Personal name | Leach, Robert, |
| Dates associated with a name | 1941- |
| 9 (RLIN) | 28442 |
| 245 10 - TITLE STATEMENT | |
| Title | Political Ideology in Britain / |
| Statement of responsibility, etc | Robert Leach. |
| 260 ## - PUBLICATION, DISTRIBUTION, ETC. (IMPRINT) | |
| Place of publication, distribution, etc | Houndmills, Basingstoke, Hampshire ; |
| -- | New York : |
| Name of publisher, distributor, etc | Palgrave, |
| Date of publication, distribution, etc | 2002. |
| 300 ## - PHYSICAL DESCRIPTION | |
| Extent | xii, 255 p. ; |
| Dimensions | 23 cm. |
| 490 1# - Series Statement | |
| Series statement | Contemporary political studies series |
| -- | 28443 |
| 504 ## - BIBLIOGRAPHY, ETC. NOTE | |
| Bibliography, etc | Includes bibliographical references (p. 235-248) and index. |
| 650 #0 - SUBJECT ADDED ENTRY--TOPICAL TERM | |
| Topical term or geographic name as entry element | Political science |
| Geographic subdivision | Great Britain. |
| 9 (RLIN) | 28444 |
| 650 #0 - SUBJECT ADDED ENTRY--TOPICAL TERM | |
| Topical term or geographic name as entry element | Ideology |
| Geographic subdivision | Great Britain. |
| 9 (RLIN) | 28445 |
| 650 #0 - SUBJECT ADDED ENTRY--TOPICAL TERM | |
| Topical term or geographic name as entry element | Right and left (Political science) |
| 9 (RLIN) | 28446 |
| 653 ## - INDEX TERM--UNCONTROLLED | |
| Resource For college | |
| Arrived date list | January2012 |
| 830 #0 - SERIES ADDED ENTRY--UNIFORM TITLE | |
| Uniform title | Contemporary political studies (Palgrave (Firm)) |
| 9 (RLIN) | 28447 |
| 856 42 - ELECTRONIC LOCATION AND ACCESS | |
| Materials specified | Contributor biographical information |
| Uniform Resource Identifier | <a href="http://www.loc.gov/catdir/bios/hol051/2001059839.html">http://www.loc.gov/catdir/bios/hol051/2001059839.html</a> |
| 856 41 - ELECTRONIC LOCATION AND ACCESS | |
| Materials specified | Table of contents |
| Uniform Resource Identifier | <a href="http://www.loc.gov/catdir/toc/hol031/2001059839.html">http://www.loc.gov/catdir/toc/hol031/2001059839.html</a> |
| 856 42 - ELECTRONIC LOCATION AND ACCESS | |
| Materials specified | Publisher description |
| Uniform Resource Identifier | <a href="http://www.loc.gov/catdir/description/hol031/2001059839.html">http://www.loc.gov/catdir/description/hol031/2001059839.html</a> |
| 942 ## - ADDED ENTRY ELEMENTS (KOHA) | |
| Source of classification or shelving scheme | Dewey Decimal Classification |
| Item type | Book - Borrowing |
| Withdrawn status | Item status | Source of classification or shelving scheme | Damaged status | Not for loan | Vendor | Home library | Current library | Shelving location | Date acquired | Source of acquisition | Cost, normal purchase price | Serial Enumeration / chronology | Total Checkouts | Total Renewals | Full call number | Barcode | Date last seen | Date last borrowed | Koha item type |
|---|---|---|---|---|---|---|---|---|---|---|---|---|---|---|---|---|---|---|---|
| Dewey Decimal Classification | Central Library | Central Library | First floor | 30/01/2012 | 275.00 | 1817/2012 | 4 | 13 | 320.50941 LEA | 000025867 | 15/07/2025 | 26/10/2016 | Book - Borrowing |